000 00510nam a2200181Ia 4500
005 20250508151019.0
008 008 250505s9999 xx 000 0 hin d
037 _aTextual
040 _aFEDL
_beng
_cFEDL
041 _ahin
_2eng
084 _a891.432, DUG
_qFEDL
100 _aDuggal Baikuntth Nath
_9758190
245 0 _aSamudragupta: Etihasik natak
260 _aDelhi, India
_bPrem Sahitya Niketan
_c1951
300 _a128p
942 _cTEXL
_h891.432, DUG
999 _c1327051
_d1327051